header

Hazardous organic pollutants in colored wastewaters (Record no. 170257)

MARC details
000 -LEADER
fixed length control field 01306nam a2200337Ia 4500
082 04 - DEWEY DECIMAL CLASSIFICATION NUMBER
Classification number 667/.20286
100 1# - MAIN ENTRY--AUTHOR NAME
Personal name Koprivanac, Natalija.
245 10 - TITLE STATEMENT
Title Hazardous organic pollutants in colored wastewaters
260 ## - PUBLICATION, DISTRIBUTION, ETC. (IMPRINT)
Place of publication New York :
Name of publisher Nova Science Publishers,
Year of publication c2009.
300 ## - PHYSICAL DESCRIPTION
Number of Pages viii, 81 p. :
Other physical details ill.
650 #0 - SUBJECT ADDED ENTRY--TOPICAL TERM
Topical Term Hazardous wastes.
Topical Term Organic water pollutants.
700 1# - ADDED ENTRY--PERSONAL NAME
Personal name Kusic, Hrvoje.
856 40 - ELECTRONIC LOCATION AND ACCESS
Uniform Resource Identifier http://site.ebrary.com/lib/rucke/Doc?id=10660322

No items available.

© 2026 Rongo University
Contact us: librarian | system librarian | Rongo university